Personalinformationssystem Entwicklung. Anwendung. Nutzen

Guardado en:
Detalles Bibliográficos
Autor principal: Grünefeld, Hans-Günther
Otros Autores: Langemeyer, Wigand
Formato: Libro
Lenguaje:alemán
Publicado: Wiesbaden Gabler 1991
Edición:1. Aufl.
Materias:
Etiquetas: Agregar Etiqueta
Sin Etiquetas, Sea el primero en etiquetar este registro!

MARC

LEADER 00000nam a2200000 4500
001 c000155
005 20221206114838.4
020 |a 3-409-13855-2 
041 0 |a ger 
044 |a DE 
245 1 0 |a Personalinformationssystem  |b Entwicklung. Anwendung. Nutzen  |c Hans-Günther Grünefeld, Wigand Langemeyer 
250 |a 1. Aufl. 
264 1 |a Wiesbaden  |b Gabler  |c 1991 
300 |a 295 s. 
610 2 0 |a rozvoj pracovníkov 
610 2 0 |a informácie 
610 2 0 |a personalistika 
610 2 0 |a systémy informačné 
610 2 0 |a spracovanie dát 
100 1 |a Grünefeld, Hans-Günther 
700 1 |a Langemeyer, Wigand